Modelovanie klinických procesov

Enregistré dans:
Détails bibliographiques
Auteur principal: Vaczula, Marian, 1987- (Auteur)
Autres auteurs: Lehocki, Fedor, 1976- (Directeur de thèse)
Format: Manuscrit Livre
Langue:slovaque
Publié: Bratislava : STU v Bratislave FEI, 2010
Sujets:
Accès en ligne:VAIS
Tags: Ajouter un tag
Pas de tags, Soyez le premier à ajouter un tag!

MARC

LEADER 00000ntm a22000003a 4500
001 stu209662
005 20150617230102.9
008 100818s2010------------------------slo-d
040 |a STU  |b slo 
041 0 |a slo 
100 1 |a Vaczula, Marian,  |d 1987-  |4 aut  |u E  |T FEI Fakulta elektrotechniky a informatiky  |X 22336  |U E  |Y 30  |7 A000022336 
242 0 0 |a Modeling of Clinical Processes  |y eng 
245 1 |a Modelovanie klinických procesov 
260 |a Bratislava :  |b STU v Bratislave FEI,  |c 2010 
300 |a 76 s 
650 7 |a modelovanie  |2 stusub 
650 7 |a deadlock  |2 stusub 
650 7 |a deadlock  |2 stusub 
650 7 |a modeling  |2 estusub 
650 7 |a Aplikovaná informatika  |2 stusub 
700 1 |a Lehocki, Fedor,  |d 1976-  |4 ths  |u E050  |U FEI Fakulta elektrotechniky a informatiky  |T FEI Ústav informatiky a matematiky  |X 1888  |U E050  |Y 816  |7 000001888 
856 4 |a info a plný text  |u http://is.stuba.sk/zp/portal_zp.pl?podrobnosti=61367  |3 VAIS